Farsalia

Gespeichert in:
Bibliographische Detailangaben
Hauptverfasser: Lucano, Marco Anneo (autor), Mariner, Sebastián (VerfasserIn)
Format: Buch
Sprache:Spanisch
Veröffentlicht: Madrid Editora Nacional 1978
Schriftenreihe:Biblioteca de la literatura y el pensamiento universales, 25
Schlagworte:
Tags: Tag hinzufügen
Keine Tags, Fügen Sie den ersten Tag hinzu!

MARC

LEADER 00000nam a2200000 a 4500
001 UCV7680
003 CL-VaPUC
008 890531e19780000SP |||||||||||||||||spa|d
082 0 4 |a 873  |b LUC  |2 21 
100 |a Lucano, Marco Anneo  |e autor  |9 517267 
700 0 |a Mariner, Sebastián  |e author  |9 301815 
245 1 0 |a Farsalia 
300 |a 444 p 
942 |c BK 
945 |d 19890531 00:00:00 
260 |a Madrid  |b Editora Nacional  |c 1978 
650 0 |a Poesías épicas latinas   |9 265355 
650 0 |a Poesías latinas  |9 301816 
583 |a last modification  |c 19890531 00:00:00  |k Rodrigo Vera 
490 0 |a Biblioteca de la literatura y el pensamiento universales, 25 
999 |c 213323  |d 213321 
952 |0 0  |1 0  |4 0  |6 873_000000000000000_LUC_1978  |7 0  |8 P  |9 195598  |a BIBARQ  |b BIBARQ  |d 2019-11-14  |i 2636182  |o 873 LUC 1978  |p 2636182  |r 2025-01-20  |w 2019-11-14  |y BK  |k ARQ 
952 |0 0  |1 0  |4 0  |6 873_000000000000000_LUC_1978  |7 0  |8 A  |9 195599  |a BIBART  |b BIBART  |d 2019-11-14  |i 1381253  |o 873 LUC 1978  |p 1381253  |r 2025-03-13  |w 2019-11-14  |y BK  |k ART